000 00326nam a22001217a 4500
003 SGT
082 _a891.4309
_bD08J
100 _aजोशी, प्रभाष
245 _aधन्न नरबदा मैया हो
260 _b राजकमल प्रकाशन
_c2008
300 _a575
942 _2ddc
_cBK
999 _c31210
_d31210